000 00871nam a2200253Ia 4500
003 OSt
005 20220923223513.0
006 a|||||r|||| 00| 0
007 ta
008 220922b |||||||| |||| 00| 0 hin d
024 _a218,335
037 _cTextual
040 _aARTS
_cARTS
_bhin
041 _2hin
_ahin
082 _aO152,1M96:g(S:5), N9
100 _aकपानी, कमल प्रभा
245 0 _aनिराला काव्य का मनोवैज्ञानिक अध्ययन
246 _aNirālā kāvya kā hinovaijnyānik adhyayana
260 _aदिल्ली
_b भावना
_c1999
300 _a304i`
_ccm.
650 _aहिन्दी साहित्य
_9156264
942 _hO152,1M96:g(S:5), N9
_cTEXL
_2CC
999 _c365797
_d365797